| 000 | 01404pam a2200373 a 4500 | ||
|---|---|---|---|
| 001 | 4751981 | ||
| 003 | OSt | ||
| 005 | 20140310182032.0 | ||
| 008 | 851011s1987 caua b 001 0 eng | ||
| 010 | _a 85026152 | ||
| 020 | _a080392559X (v. 1) | ||
| 020 | _a080392853X (v. 2) | ||
| 040 |
_aDLC _cDLC _dDLC |
||
| 050 | 0 | 0 |
_aGN 346 _b.W47 1987 |
| 082 | 0 | 0 | _a306/.072 |
| 100 | 1 |
_aOswald Werner _910299 |
|
| 245 | 1 | 0 |
_aSystematic fieldwork / _cOswald Werner, G. Mark Schoepfle in collaboration with Julie Ahern ... [et al.]. |
| 260 |
_aNewbury Park, Calif. : _bSage Publications, _cc1987. |
||
| 300 |
_a2 v. : _bill. ; _c24 cm. |
||
| 504 | _aIncludes bibliographies and indexes. | ||
| 505 | 0 | _av. 1. Foundations of ethnography and interviewing -- v. 2. Ethnographic analysis and data management. | |
| 521 | _aThird year to fourth year high school students | ||
| 650 | 0 |
_aEthnology _xFieldwork. _910300 |
|
| 650 | 0 |
_aEthnology _xMethodology. _910301 |
|
| 650 | 0 |
_aInterviewing in ethnology. _910302 |
|
| 700 | 1 |
_aSchoepfle, G. Mark. _910303 |
|
| 700 | 1 |
_aAhern, Julie. _910304 |
|
| 856 | 4 | 2 |
_3Publisher description _uhttp://www.loc.gov/catdir/enhancements/fy0654/85026152-d.html |
| 856 | 4 | 1 |
_3Table of contents only _uhttp://www.loc.gov/catdir/enhancements/fy0654/85026152-t.html |
| 906 |
_a7 _bcbc _corignew _d1 _eocip _f19 _gy-gencatlg |
||
| 942 |
_2lcc _cHS |
||
| 999 |
_c8583 _d8583 |
||